<?xml version="1.0" encoding="UTF-8"?>
<record
    xmlns:xsi="http://www.w3.org/2001/XMLSchema-instance"
    xsi:schemaLocation="http://www.loc.gov/MARC21/slim http://www.loc.gov/standards/marcxml/schema/MARC21slim.xsd"
    xmlns="http://www.loc.gov/MARC21/slim">

  <leader>00607    a2200217   4500</leader>
  <controlfield tag="008">230601b        |||||||| |||| 00| 0 eng d</controlfield>
  <datafield tag="020" ind1=" " ind2=" ">
    <subfield code="a">9781138908789</subfield>
  </datafield>
  <datafield tag="040" ind1=" " ind2=" ">
    <subfield code="a">NLN</subfield>
    <subfield code="b">English</subfield>
    <subfield code="e">AACR2</subfield>
  </datafield>
  <datafield tag="050" ind1=" " ind2=" ">
    <subfield code="a">BD431</subfield>
    <subfield code="b">.B452</subfield>
  </datafield>
  <datafield tag="082" ind1=" " ind2=" ">
    <subfield code="a">128</subfield>
  </datafield>
  <datafield tag="100" ind1=" " ind2=" ">
    <subfield code="a">BELSHAW, Christopher</subfield>
    <subfield code="e">aut</subfield>
    <subfield code="9">18570</subfield>
  </datafield>
  <datafield tag="245" ind1=" " ind2=" ">
    <subfield code="a">The value and meaning of life /</subfield>
    <subfield code="c">Christopher Belshaw</subfield>
  </datafield>
  <datafield tag="260" ind1=" " ind2=" ">
    <subfield code="a">New York :</subfield>
    <subfield code="b">Routledge;</subfield>
    <subfield code="c">2021</subfield>
  </datafield>
  <datafield tag="300" ind1=" " ind2=" ">
    <subfield code="a">[iv], 257p. ;</subfield>
    <subfield code="b">24cm.</subfield>
  </datafield>
  <datafield tag="500" ind1=" " ind2=" ">
    <subfield code="a">Includes bibliographical references</subfield>
  </datafield>
  <datafield tag="563" ind1=" " ind2=" ">
    <subfield code="a">(pbk)</subfield>
  </datafield>
  <datafield tag="650" ind1=" " ind2=" ">
    <subfield code="a">Life</subfield>
    <subfield code="9">18801</subfield>
  </datafield>
  <datafield tag="650" ind1=" " ind2=" ">
    <subfield code="a">Immortality</subfield>
    <subfield code="9">22334</subfield>
  </datafield>
  <datafield tag="650" ind1=" " ind2=" ">
    <subfield code="a">Values</subfield>
    <subfield code="9">18437</subfield>
  </datafield>
  <datafield tag="942" ind1=" " ind2=" ">
    <subfield code="c">BK</subfield>
  </datafield>
  <datafield tag="999" ind1=" " ind2=" ">
    <subfield code="c">9433</subfield>
    <subfield code="d">9433</subfield>
  </datafield>
  <datafield tag="952" ind1=" " ind2=" ">
    <subfield code="0">0</subfield>
    <subfield code="1">0</subfield>
    <subfield code="2">lcc</subfield>
    <subfield code="4">0</subfield>
    <subfield code="7">0</subfield>
    <subfield code="a">ABAK</subfield>
    <subfield code="b">MAIN</subfield>
    <subfield code="d">2023-06-01</subfield>
    <subfield code="i">5523644</subfield>
    <subfield code="l">0</subfield>
    <subfield code="o">BD431 .B452</subfield>
    <subfield code="p">5523644</subfield>
    <subfield code="r">2023-06-01 00:00:00</subfield>
    <subfield code="w">2023-06-01</subfield>
    <subfield code="y">BK</subfield>
  </datafield>
  <datafield tag="952" ind1=" " ind2=" ">
    <subfield code="0">0</subfield>
    <subfield code="1">0</subfield>
    <subfield code="2">lcc</subfield>
    <subfield code="4">0</subfield>
    <subfield code="7">0</subfield>
    <subfield code="a">ASA</subfield>
    <subfield code="b">MAIN</subfield>
    <subfield code="d">2023-06-01</subfield>
    <subfield code="i">5523651</subfield>
    <subfield code="l">0</subfield>
    <subfield code="o">BD431 .B452</subfield>
    <subfield code="p">5523651</subfield>
    <subfield code="r">2023-06-01 00:00:00</subfield>
    <subfield code="w">2023-06-01</subfield>
    <subfield code="y">BK</subfield>
  </datafield>
  <datafield tag="952" ind1=" " ind2=" ">
    <subfield code="0">0</subfield>
    <subfield code="1">0</subfield>
    <subfield code="2">lcc</subfield>
    <subfield code="4">0</subfield>
    <subfield code="7">0</subfield>
    <subfield code="a">AWK</subfield>
    <subfield code="b">MAIN</subfield>
    <subfield code="d">2023-06-01</subfield>
    <subfield code="i">5523642</subfield>
    <subfield code="l">0</subfield>
    <subfield code="o">BD431 .B452</subfield>
    <subfield code="p">5523642</subfield>
    <subfield code="r">2023-06-01 00:00:00</subfield>
    <subfield code="w">2023-06-01</subfield>
    <subfield code="y">BK</subfield>
  </datafield>
  <datafield tag="952" ind1=" " ind2=" ">
    <subfield code="0">0</subfield>
    <subfield code="1">0</subfield>
    <subfield code="2">lcc</subfield>
    <subfield code="4">0</subfield>
    <subfield code="7">0</subfield>
    <subfield code="a">EKI</subfield>
    <subfield code="b">MAIN</subfield>
    <subfield code="d">2023-06-01</subfield>
    <subfield code="i">5523645</subfield>
    <subfield code="l">0</subfield>
    <subfield code="o">BD431 .B452</subfield>
    <subfield code="p">5523645</subfield>
    <subfield code="r">2023-06-01 00:00:00</subfield>
    <subfield code="w">2023-06-01</subfield>
    <subfield code="y">BK</subfield>
  </datafield>
  <datafield tag="952" ind1=" " ind2=" ">
    <subfield code="0">0</subfield>
    <subfield code="1">0</subfield>
    <subfield code="2">lcc</subfield>
    <subfield code="4">0</subfield>
    <subfield code="7">0</subfield>
    <subfield code="a">GUS</subfield>
    <subfield code="b">MAIN</subfield>
    <subfield code="d">2023-06-01</subfield>
    <subfield code="i">5523647</subfield>
    <subfield code="l">0</subfield>
    <subfield code="o">BD431 .B452</subfield>
    <subfield code="p">5523647</subfield>
    <subfield code="r">2023-06-01 00:00:00</subfield>
    <subfield code="w">2023-06-01</subfield>
    <subfield code="y">BK</subfield>
  </datafield>
  <datafield tag="952" ind1=" " ind2=" ">
    <subfield code="0">0</subfield>
    <subfield code="1">0</subfield>
    <subfield code="2">lcc</subfield>
    <subfield code="4">0</subfield>
    <subfield code="7">0</subfield>
    <subfield code="a">UYO</subfield>
    <subfield code="b">MAIN</subfield>
    <subfield code="d">2023-06-01</subfield>
    <subfield code="i">5523648</subfield>
    <subfield code="l">0</subfield>
    <subfield code="o">BD431 .B452</subfield>
    <subfield code="p">5523648</subfield>
    <subfield code="r">2023-06-01 00:00:00</subfield>
    <subfield code="w">2023-06-01</subfield>
    <subfield code="y">BK</subfield>
  </datafield>
  <datafield tag="952" ind1=" " ind2=" ">
    <subfield code="0">0</subfield>
    <subfield code="1">0</subfield>
    <subfield code="2">lcc</subfield>
    <subfield code="4">0</subfield>
    <subfield code="7">0</subfield>
    <subfield code="a">KEB</subfield>
    <subfield code="b">MAIN</subfield>
    <subfield code="d">2023-06-01</subfield>
    <subfield code="i">5523646</subfield>
    <subfield code="l">0</subfield>
    <subfield code="o">BD431 .B452</subfield>
    <subfield code="p">5523646</subfield>
    <subfield code="r">2023-06-01 00:00:00</subfield>
    <subfield code="w">2023-06-01</subfield>
    <subfield code="y">BK</subfield>
  </datafield>
  <datafield tag="952" ind1=" " ind2=" ">
    <subfield code="0">0</subfield>
    <subfield code="1">0</subfield>
    <subfield code="2">lcc</subfield>
    <subfield code="4">0</subfield>
    <subfield code="7">0</subfield>
    <subfield code="a">LOK</subfield>
    <subfield code="b">MAIN</subfield>
    <subfield code="d">2023-06-01</subfield>
    <subfield code="i">5523649</subfield>
    <subfield code="l">0</subfield>
    <subfield code="o">BD431 .B452</subfield>
    <subfield code="p">5523649</subfield>
    <subfield code="r">2023-06-01 00:00:00</subfield>
    <subfield code="w">2023-06-01</subfield>
    <subfield code="y">BK</subfield>
  </datafield>
  <datafield tag="952" ind1=" " ind2=" ">
    <subfield code="0">0</subfield>
    <subfield code="1">0</subfield>
    <subfield code="2">lcc</subfield>
    <subfield code="4">0</subfield>
    <subfield code="7">0</subfield>
    <subfield code="a">PH</subfield>
    <subfield code="b">MAIN</subfield>
    <subfield code="d">2023-06-01</subfield>
    <subfield code="i">5523650</subfield>
    <subfield code="l">0</subfield>
    <subfield code="o">BD431 .B452</subfield>
    <subfield code="p">5523650</subfield>
    <subfield code="r">2023-06-01 00:00:00</subfield>
    <subfield code="w">2023-06-01</subfield>
    <subfield code="y">BK</subfield>
  </datafield>
  <datafield tag="952" ind1=" " ind2=" ">
    <subfield code="0">0</subfield>
    <subfield code="1">0</subfield>
    <subfield code="2">lcc</subfield>
    <subfield code="4">0</subfield>
    <subfield code="7">0</subfield>
    <subfield code="a">YEN</subfield>
    <subfield code="b">MAIN</subfield>
    <subfield code="d">2023-06-01</subfield>
    <subfield code="i">5523643</subfield>
    <subfield code="l">0</subfield>
    <subfield code="o">BD431 .B452</subfield>
    <subfield code="p">5523643</subfield>
    <subfield code="r">2023-06-01 00:00:00</subfield>
    <subfield code="w">2023-06-01</subfield>
    <subfield code="y">BK</subfield>
  </datafield>
</record>
